Top 15 landen met Covid-19 sterfgevallen - 28 mei - Statistieken

Algemene statistieken
  • Deze quiz is 2 keer genomen
  • De gemiddelde score is 16 van 21
Antwoordstatistieken
land % Correct
België
100%
Brazilië
100%
Canada
100%
China
100%
Duitsland
100%
Frankrijk
100%
India
100%
Italië
100%
Mexico
100%
Nederland
100%
Portugal
100%
Spanje
100%
Turkije
100%
Verenigde Staten
100%
Zweden
100%
Ierland
50%
Verenigd Koninkrijk
50%
Ecuador
0%
Iran
0%
Peru
0%
Zwitserland
0%
Geen overeenkomende quizzen gevonden
Scoreverdeling
Procent van Mensen met Elke Score
Percentiel versus Aantal Correcte Antwoorden
Uw Scoregeschiedenis
U heeft deze quiz nog niet genomen